Top 20 Car Brands of 2018 - Statistics

General Stats
  • This quiz has been taken 98 times
    50 since last reset
  • The average score is 13 of 20
Answer Stats
Rank Sales in 2018 Answer % Correct
3 5.560.131 Ford
96%
9 2.583.949 Mercedes
94%
1 8.753.623 Toyota
94%
11 2.132.005 BMW
92%
13 1.818.815 Audi
84%
2 6.942.036 Volkswagen
82%
4 5.025.342 Honda
80%
6 4.534.500 Hyundai
76%
5 4.970.661 Nissan
76%
7 4.151.274 Chevrolet
73%
10 2.552.664 Renault
69%
17 1.481.079 Fiat
65%
8 2.900.247 Kia
61%
15 1.610.645 Mazda
57%
12 1.994.606 Peugeot
57%
19 1.437.385 Suzuki
45%
16 1.591.225 Jeep
41%
20 1.343.680 Buick
27%
18 1.455.215 Geely
10%
14 1.633.061 Maruti
4%
No matching quizzes found
Score Distribution
Percent of People with Each Score
Percentile by Number Answered
Your Score History
You have not taken this quiz since the last reset